帽子工厂的所有帽子 - Statistics

General Stats
  • This quiz has been taken 82 times
  • The average score is 25 of 37
Answer Stats
提示 答案 % Correct
大号帽子 特务
100%
大号帽子 走资派
96%
大号帽子 野心家
93%
大号帽子 叛徒
91%
大号帽子 反党分子
91%
大号帽子 修正主义
91%
大号帽子 大恶霸
91%
大号帽子 大军阀
87%
大号帽子 投降派
87%
中号帽子 不革命
83%
中号帽子 黑手
78%
中号帽子 黑线人物
76%
中号帽子 黑秀才
76%
小号帽子 墙头草
76%
中号帽子 黑帮凶
74%
小号帽子 老好人
72%
中号帽子 变色龙
70%
中号帽子 经验主义
69%
中号帽子 民主派
67%
中号帽子 中庸之道
67%
小号帽子 造谣公司
61%
小号帽子 小爬虫
61%
小号帽子 小修苗
59%
小号帽子 传话筒
59%
小号帽子 绊脚石
57%
小号帽子 逆流
57%
小号帽子 谩骂首长
57%
小号帽子 邪风
56%
小号帽子 党内走资派
50%
小号帽子 民主革命派
50%
小号帽子 攻击领导
48%
小号帽子 新兴的资产阶级分子
46%
小号帽子 暗中盘算
46%
小号帽子 怀恨在心
46%
小号帽子 混进群众队伍里的坏人
39%
小号帽子 资产阶级野心家
35%
小号帽子 奴隶主义
28%
No matching quizzes found
Score Distribution
Percent of People with Each Score
Percentile by Number Answered
Your Score History
You have not taken this quiz